| 000 | 00651cam a2200229ua 4500 | ||
|---|---|---|---|
| 001 | 10261 | ||
| 008 | 171111n ii |||gr||||Z||||||asm | ||
| 020 | _a9789383580132 | ||
| 040 | _cMAIN | ||
| 041 | _aasm | ||
| 082 | _a361.1 | ||
| 100 |
_aSharma, Dipankar, _eAuthor. |
||
| 245 |
_aSocial problems and social welfare (A) _cBy Dipankar Sharma and Swapnajyoti Bora |
||
| 250 | _a1st ed. | ||
| 260 |
_aGuwahati: _bShanti educational foundation, _c2014. |
||
| 300 | _a384p. | ||
| 653 | _aSocial problems & social welfare in general | ||
| 653 | _aSamajik samasya | ||
| 653 | _aSamajik kalyan | ||
| 700 |
_aBora, Swapnajyoti, _eAuthor. |
||
| 942 | _cBK | ||
| 999 |
_c9257 _d9257 |
||